Význam vzdelávania dospelých v Slovenskej republike v transformačnom procese a úloha podnikov v ďalšom vzdelávaní

Problematika vzdelávania dospelých v transformačnom procese SR. Potreba legislatívnej úpravy vzdelávania v SR. Základné smery vzdelávania - profesijné a všeobecné. Profesijne orientované vzdelávanie. Pracovná výučba, resp. cielené vyučovanie. Zmena pracovného miesta (pracovná rotácia). Nové problémy...

Full description

Saved in:
Bibliographic Details
Main Author: Ďurďovičová, Marta, 1964-
Format: Book Chapter
Language:Slovak
Subjects:
Tags: Add Tag
No Tags, Be the first to tag this record!

MARC

LEADER 00000naa a2200000 4500
001 r018886
005 20240502071327.4
041 0 |a slo 
044 |a SK 
245 1 0 |a Význam vzdelávania dospelých v Slovenskej republike v transformačnom procese a úloha podnikov v ďalšom vzdelávaní  |c Marta Ďurďovičová 
520 |a Problematika vzdelávania dospelých v transformačnom procese SR. Potreba legislatívnej úpravy vzdelávania v SR. Základné smery vzdelávania - profesijné a všeobecné. Profesijne orientované vzdelávanie. Pracovná výučba, resp. cielené vyučovanie. Zmena pracovného miesta (pracovná rotácia). Nové problémy v podnikovej praxi - prenos zvláštnych úloh, vytváranie projektového tímu. Dopyt firiem po forme zácviku na pracovisku (on job). Prednosti novej formy vzdelávania - coaching. Význam zvyšovania vzdelanostnej úrovne prostredníctvom viacprofesnosti. 
610 2 0 |a vzdelávanie dospelých 
610 2 0 |a Slovensko 
610 2 0 |a transformácia 
610 2 0 |a vzdelávanie permanentné 
610 2 0 |a povolania 
610 2 0 |a zmeny pomeru pracovného 
610 2 0 |a zvyšovanie kvalifikácie 
610 2 0 |a vzdelávanie ďalšie 
610 2 0 |a koučovanie 
610 2 0 |a odbornosť 
610 2 0 |a konkurencia 
100 1 |a Ďurďovičová, Marta, 1964-